Filem sebagai media pendidikan Islam : analisis filem "Dalam Mihrab Cinta" /
Saved in:
| Main Author: | |
|---|---|
| Format: | Thesis Book |
| Language: | Malay |
| Published: |
2017.
|
| Subjects: | |
| Tags: |
Add Tag
No Tags, Be the first to tag this record!
|
| LEADER | 01585cam a2200361 i 4500 | ||
|---|---|---|---|
| 001 | u1070367 | ||
| 003 | SIRSI | ||
| 005 | 201712051225 | ||
| 008 | 171205s2017 my a m 000 0 may | ||
| 040 | |a UMA |d UMM |e rda | ||
| 043 | |a a-io--- | ||
| 090 | |a BP42 |b A1 UM 2017 Mohna | ||
| 094 | |a BP42 |b A1 UM 2017 Mohna | ||
| 100 | 0 | |a Mohd Nazri Abdullah, |e author. | |
| 245 | 1 | 0 | |a Filem sebagai media pendidikan Islam : |b analisis filem "Dalam Mihrab Cinta" / |c Mohd Nazri Abdullah. |
| 264 | 1 | |c 2017. | |
| 300 | |a xv, 271 leaves : |b illustrations ; |c 30 cm. | ||
| 336 | |a text |2 rdacontent | ||
| 337 | |a unmediated |2 rdamedia | ||
| 338 | |a volume |2 rdacarrier | ||
| 502 | |b M.Syariah |c Jabatan Dakwah dan Pembangunan Insan, Akademi Pengajian Islam, Universiti Malaya |d 2017. | ||
| 504 | |a Bibliography: leaves 246-271. | ||
| 650 | 0 | |a Religious films |x History and criticism. | |
| 650 | 0 | |a Motion pictures |x Religious aspects |x Islam. | |
| 650 | 0 | |a Da`wah (Islam) |x Methodology. | |
| 650 | 0 | |a Islamic religious education. | |
| 650 | 0 | |a Motion pictures |z Indonesia. | |
| 710 | 2 | |a Universiti Malaya. |b Jabatan Dakwah dan Pembangunan Insan, |e degree granting institution. | |
| 900 | |a AJA NSR NSM | ||
| 596 | |a 1 12 18 | ||
| 999 | |a BP42 A1 UM 2017 MOHNA |w LC |c 1 |i A516891428 |d 17/1/2018 |e 17/1/2018 |f 7/12/2017 |g 1 |l STACKS |m P12ISLAMKL |n 1 |r Y |s Y |t TESIS |u 7/12/2017 |1 AHSS | ||
| 999 | |a BP42 A1 UM 2017 MOHNA |w LC |c 1 |i A516284975 |l RESERVES |m P18ISLPURI |r Y |s Y |t TESIS |u 21/12/2017 | ||
| 999 | |a BP42 A1 UM 2017 MOHNA |w LC |c 1 |i A517006235 |d 24/7/2022 |e 24/7/2022 |f 12/1/2018 |g 1 |l STACKS |m P01UTAMA |n 1 |r Y |s Y |t TESIS |u 8/1/2018 |1 AHSS | ||
